[Event "NWAPA Rector Cup"]
[Site "St Petersburg RUS"]
[Date "2006.10.31"]
[Round "2"]
[White "Lovkov,R"]
[Black "Smirnov,Arte"]
[Result "1/2-1/2"]
[WhiteElo "2414"]
[BlackElo "2375"]

1.e4 c5 2.Nf3 Nc6 3.Bb5 g6 4.O-O Bg7 5.Re1 Nf6 6.e5 Nd5 7.Nc3 Nc7 8.Bxc6 dxc6
9.Ne4 b6 10.d3 O-O 11.h3 Bf5 12.Ng3 Be6 13.Qe2 Qd7 14.b3 Rae8 15.c4 Rd8 16.Rd1 f5
17.Bb2 Qc8 18.d4 cxd4 19.Bxd4 c5 20.Bc3 h6 21.Ne1 Bd7 22.f4 Ne6 23.Qf2 Bc6
24.Nc2 Rxd1+ 25.Rxd1 Rd8 26.Rxd8+ Qxd8 27.Qd2 Qa8 28.h4 Qe8 29.Ne2 Qd8 30.Ne3 Qxd2
31.Bxd2 Nc7 32.h5 Kf7 33.hxg6+ Kxg6 34.Kf2 e6 35.Nc3 h5 36.Nc2 h4 37.Ne1 Kh5
38.Kg1 Kg4 39.Nd3 Bh6 40.Nf2+ Kh5 41.Kh2 Na6 42.a3 Nb8 43.Kh3 Nd7 44.Nd3 Bf8
45.Nb5 Be4 46.Ne1 Bh6 47.Nxa7 Nxe5 48.Nc8 Nd7 49.Nd6 Bb1 50.Nf3 Ba2 51.b4 Bf8
52.Nf7 Bxc4 53.Nxh4 Bd5 54.Bc3 b5 55.Nf3 Kg6 56.N7e5+ Nxe5 57.Nxe5+ Kh5 58.Nd7 cxb4
59.axb4 Bd6 60.Ne5 Bc7 61.Bd4 Bd8 62.Bc3 Bc7 63.Bd4 Be4 64.Kg3 Kh6 65.Kf2 Kh7
66.g3 Bd6 67.Bc3 Kg8 68.Ke3 Kf8 69.g4 Bd5 70.g5 Bxe5 71.Bxe5 Kf7 72.Kd4 Kg6
73.Kc5 Bc4 74.Kc6 Kf7 75.Kd6  1/2-1/2

[Event "Open A"]
[Site "Le Touquet FRA"]
[Date "2006.11.01"]
[Round "7"]
[White "Gharamian,T"]
[Black "Gervasio,R"]
[Result "1-0"]
[WhiteElo "2467"]
[BlackElo "2292"]

1.e4 c5 2.Nf3 Nc6 3.Bb5 e6 4.Bxc6 dxc6 5.d3 Ne7 6.h4 Qc7 7.h5 h6 8.Be3 b6
9.a4 a5 10.Nbd2 e5 11.Nc4 f6 12.Nh4 Be6 13.O-O O-O-O 14.b3 Kb7 15.f4 exf4
16.Bxf4 Qd7 17.Qe1 Rg8 18.Qg3 Bg4 19.Bc7 Qxc7 20.Qxg4 Qd7 21.Qxd7+ Rxd7 22.e5 Nd5
23.Rae1 b5 24.e6 Rc7 25.Ne3 Nxe3 26.Rxe3 Bd6 27.Rfe1 Bf4 28.Rf3 Be5 29.Ng6 Re8
30.Nxe5 Rxe6 31.Rfe3 fxe5 32.Rxe5 Rxe5 33.Rxe5 Kb6 34.g4 Rd7 35.Kf2 Rd4 36.Re4 Rxe4
37.dxe4 c4 38.Kf3 cxb3 39.cxb3 Kc5 40.Kf4 bxa4 41.bxa4 Kd4 42.e5 Kd5 43.Kf5 c5
44.g5  1-0

[Event "Femida w"]
[Site "Kharkiv UKR"]
[Date "2006.11.02"]
[Round "3"]
[White "Karlovich,A"]
[Black "Vozovic,O"]
[Result "1/2-1/2"]
[WhiteElo "2276"]
[BlackElo "2352"]

1.e4 c5 2.Nf3 Nc6 3.Bb5 e6 4.O-O Nge7 5.Re1 a6 6.Bf1 d5 7.exd5 Nxd5 8.d4 Be7
9.c4 Nf6 10.dxc5 Qxd1 11.Rxd1 Ne4 12.Be3 Nb4 13.Nbd2 Nxc5 14.a3 Nc2 15.Bxc5 Bxc5
16.b4 Ba7 17.Ra2 Nd4 18.Nxd4 Bxd4 19.Ne4 e5 20.Nd6+ Ke7 21.Nxc8+ Rhxc8 22.g3 a5
23.b5 b6 24.Bg2 Ra7 25.Bd5 a4 26.Kf1 Rd7 27.f4 f6 28.Re2 Rxd5 29.cxd5 Kd6
30.Rdd2 Rc3 31.Ra2 Kxd5 32.fxe5 fxe5 33.Rec2 Rb3 34.Rc7 Rxb5 35.Rxg7 Kc4
36.Rxh7 Kb3 37.Re2 Kxa3 38.g4 Rb1+ 39.Kg2 b5 40.h4 b4 41.g5 b3 42.Rb7 b2
43.Kh2 Rf1 44.Rexb2 Bxb2 45.g6 Bd4 46.g7 Rg1 47.h5 e4 48.h6 Rg6 49.h7 Bxg7
50.Rxg7 Rh6+ 51.Kg3 Kb2 52.Kf4 Rh4+ 53.Ke3 a3 54.Ra7 a2 55.Rb7+ Ka3 56.Ra7+ Kb3
57.Rb7+ Kc2 58.Rc7+ Kb1 59.Rb7+ Kc2 60.Rc7+ Kb3 61.Rb7+ Kc4 62.Ra7 Rxh7 63.Rxa2 Re7
64.Ra4+ Kd5 65.Rd4+ Kc5 66.Rxe4 Rxe4+  1/2-1/2

[Event "Femida"]
[Site "Kharkiv UKR"]
[Date "2006.11.03"]
[Round "4"]
[White "Aveskulov,V"]
[Black "Atakisi,U"]
[Result "1-0"]
[WhiteElo "2495"]
[BlackElo "2394"]

1.e4 c5 2.Nf3 Nc6 3.Bb5 d6 4.O-O Bd7 5.Re1 Nf6 6.c3 a6 7.Bf1 Bg4 8.d3 e6
9.Nbd2 d5 10.h3 Bh5 11.Qb3 dxe4 12.dxe4 Qc7 13.g4 Bg6 14.Bg2 Be7 15.Nh4 O-O
16.e5 Nd7 17.Nxg6 hxg6 18.f4 b5 19.Ne4 c4 20.Qc2 Nc5 21.Be3 Nd3 22.Red1 Rad8
23.g5 Rd7 24.Bf3 Bd8 25.Nf2 Nxf2 26.Qxf2 Ne7 27.Bc5 Rxd1+ 28.Rxd1 Re8 29.Rd6 Nd5
30.Bxd5 exd5 31.Rxd5 Qc6 32.Qd4 Qc8 33.Rd7 Bc7 34.Qd5 Kh7 35.Qxf7 Bxe5 36.Bd4 Rf8
37.Qxg7+ Bxg7 38.Rxg7+ Kh8 39.Rxg6+ Kh7 40.Rg7+ Kh8 41.Rc7+ Kg8 42.Rxc8 Rxc8
43.Kf2 Kh7 44.Kf3 Kg6 45.Kg4  1-0

[Event "Petersburg Autumn"]
[Site "St Petersburg RUS"]
[Date "2006.11.03"]
[Round "4"]
[White "Kuzevanova,E"]
[Black "Nikolaev,V RUS"]
[Result "0-1"]
[WhiteElo "2191"]
[BlackElo "2255"]

1.e4 c5 2.Nf3 Nc6 3.Bb5 Qc7 4.O-O a6 5.Bxc6 Qxc6 6.Re1 e6 7.d4 cxd4 8.Nxd4 Qc7
9.e5 Ne7 10.Nc3 Ng6 11.Qe2 b5 12.Nf3 Bb7 13.a3 Rc8 14.Bd2 Be7 15.Rad1 O-O
16.Ng5 h6 17.Nh3 Nh4 18.f3 Nf5 19.Bf4 Rfd8 20.Nf2 Bc5 21.Kh1 Bxa3 22.Nxb5 axb5
23.bxa3 Qxc2 24.Qf1 Qc4 25.Nd3 Qa4 26.Bc1 d6 27.exd6 Rxd6 28.Nb4 Rcd8 29.Rxd6 Rxd6
30.Qe2 Rd8 31.Kg1 Qa7+ 32.Kh1 Qc5 33.Rd1 Rc8 34.Bb2 Qc4 35.Qd2 Qb3 36.Rc1 Rc4
37.Kg1 Ne3 38.Rc3 Rxc3 39.Bxc3 Qb1+ 40.Kf2 Nd1+ 41.Kg3 Qg6+ 42.Kh3 Qh5+ 43.Kg3 Qg5+
44.Qxg5 hxg5 45.Bd4 f6 46.Nd3 e5 47.Bc5 Kf7 48.Bb4 Bd5 49.Nc5 f5 50.h3 Ne3
51.a4 bxa4 52.Nxa4 e4 53.fxe4 Bxe4 54.Nc5 f4+ 55.Kf2 Bxg2 56.Bd2 Nc4 57.Bxf4 gxf4
58.Kxg2 Kf6 59.Nd3 Kf5 60.Nf2 Nd2 61.Ng4 Ke4 62.Kf2 Nf3 63.Kg2 Ng5 64.h4 Kf5
65.Nf2 Ne4 66.Nd3 Nd2 67.Kf2 Kg4 68.Ke2 Nc4 69.Kf2 Ne3 70.h5 Nd5 71.Kg2 Kxh5
72.Kf3 Kg5 73.Ke4 Nf6+ 74.Kf3 Nh5 75.Nf2 Kf5 76.Ng4 Nf6 77.Nf2 g5 78.Nd3 g4+
79.Kg2 Ke4 80.Nf2+ Ke3 81.Kf1 f3 82.Kg1 g3 83.Nh3 Ne4 84.Kf1 Nd2+  0-1

[Event "10th OIBM"]
[Site "Bad Wiessee GER"]
[Date "2006.11.04"]
[Round "1"]
[White "Mack,T"]
[Black "Degraeve,JM"]
[Result "0-1"]
[WhiteElo "2047"]
[BlackElo "2551"]

1.e4 c5 2.Nf3 Nc6 3.Bb5 g6 4.c3 Nf6 5.Qe2 Bg7 6.O-O O-O 7.d4 cxd4 8.cxd4 d5
9.e5 Ne4 10.Nc3 Nxc3 11.bxc3 Na5 12.Bd3 Bd7 13.Ng5 Qc8 14.Re1 Qxc3 15.Bd2 Qa3
16.Rab1 Nc6 17.Be3 b6 18.Nxh7 Kxh7 19.Qh5+ Kg8 20.Bxg6 fxg6 21.Qxg6 e6 22.Bg5 Ne7
23.Qh5 Rf5 24.f4 Qc3 25.g4 Qxd4+ 26.Kh1 Be8 27.Qh4 Ng6 28.Qg3 Rxg5  0-1

[Event "VII Rapid"]
[Site "El Sauzal ESP"]
[Date "2006.11.04"]
[Round "4"]
[White "Tatai,S"]
[Black "Lalic,B"]
[Result "0-1"]
[WhiteElo "2361"]
[BlackElo "2491"]

1.e4 c5 2.Nf3 Nc6 3.Bb5 e6 4.Bxc6 bxc6 5.d3 Ne7 6.Ng5 f6 7.Nh3 g6 8.b3 Bg7
9.Bb2 e5 10.f3 d6 11.Nf2 O-O 12.O-O f5 13.exf5 gxf5 14.f4 Ng6 15.fxe5 Nxe5
16.c3 Ba6 17.Re1 Qd7 18.d4 cxd4 19.cxd4 Ng4 20.Qf3 Rae8 21.Nd2 d5 22.Qg3 Nf6
23.Nf3 Ne4 24.Qh4 Qd6 25.Rad1 Re6 26.Ne5 Rh6 27.Qf4 Re6 28.Ned3 Qe7 29.b4 Bh6
30.Qf3 Bb5 31.Nc5 Nxc5  0-1

[Event "10th OIBM"]
[Site "Bad Wiessee GER"]
[Date "2006.11.05"]
[Round "2"]
[White "Niebergall,G"]
[Black "So,W"]
[Result "0-1"]
[WhiteElo "2139"]
[BlackElo "2411"]

1.e4 c5 2.Nf3 Nc6 3.Bb5 g6 4.O-O Bg7 5.c3 Nf6 6.Qa4 O-O 7.d4 cxd4 8.cxd4 d5
9.e5 Ne4 10.Bxc6 bxc6 11.Qxc6 Bg4 12.h3 Rc8 13.Qa6 Bxf3 14.gxf3 Rxc1 15.Rxc1 Ng5
16.Kg2 Qd7 17.Rh1 Qf5 18.Qa3 Ne6 19.Nc3 Nf4+ 20.Kf1 Qd3+ 21.Kg1 Qxf3 22.Rh2 Nxh3+
23.Kf1 Nf4 24.Qxe7 Rb8 25.Qh4 Rxb2 26.Qxh7+ Kf8 27.Qh4 Ke8 28.Qg3 Qxg3 29.fxg3 Rxh2
30.gxf4  0-1

[Event "British Rapidplay"]
[Site "Halifax ENG"]
[Date "2006.11.05"]
[Round "10"]
[White "Quillan,G"]
[Black "Tozer,R"]
[Result "1-0"]
[WhiteElo "2344"]
[BlackElo "2301"]

1.e4 c5 2.Nf3 Nc6 3.Bb5 g6 4.Bxc6 dxc6 5.d3 Bg7 6.Nc3 Nf6 7.h3 O-O 8.Be3 b6
9.Qd2 e5 10.Bh6 Qe7 11.Bxg7 Kxg7 12.Qe3 Rd8 13.Nd2 Nh5 14.g3 a5 15.O-O-O a4
16.f4 b5 17.f5 b4 18.Ne2 Qd6 19.Nc4 Qe7 20.g4 Nf4 21.Nxf4 exf4 22.Qxf4 b3
23.cxb3 axb3 24.axb3 Rd4 25.Kc2 Ba6 26.Rhf1 f6 27.g5 gxf5 28.gxf6+ Qxf6 29.Qc7+ Kh8
30.Rxf5 Qe6 31.Ne5  1-0

[Event "Open"]
[Site "Santo Domingo DOM"]
[Date "2006.11.05"]
[Round "8"]
[White "Quezada,Y"]
[Black "Ikonnikov,Vy"]
[Result "1/2-1/2"]
[WhiteElo "2515"]
[BlackElo "2587"]

1.e4 c5 2.Nf3 Nc6 3.Bb5 g6 4.Bxc6 dxc6 5.d3 Bg7 6.h3 b6 7.Nc3 f6 8.a3 Nh6
9.O-O Nf7 10.Be3 O-O 11.a4 e5 12.a5 Be6 13.axb6 axb6 14.Rxa8 Qxa8 15.Nd2 Nd6
16.f4 exf4 17.Bxf4 Nf7 18.Nf3 Ne5 19.Nxe5 fxe5 20.Be3 Qa5 21.Rxf8+ Bxf8 22.Qf1 Be7
23.Kh2 b5 24.Ne2 c4 25.d4 Qc7 26.Kh1 exd4 27.Nxd4 Bd7 28.Bf4 Bd6 29.Bh6 Qd8
30.Nf3 Qe7 31.Qe1 Bc7 32.Qa1 Be8 33.Qa7 Qd8 34.e5 Bf7 35.Bg5 Qd1+ 36.Kh2 Qd7
37.Kh1 Qd1+ 38.Kh2 Qd7 39.Kh1 Qd1+ 40.Kh2  1/2-1/2

[Event "Open"]
[Site "Santo Domingo DOM"]
[Date "2006.11.05"]
[Round "8"]
[White "Gersov,E"]
[Black "Delgado,J"]
[Result "1-0"]
[WhiteElo "2297"]
[BlackElo "2214"]

1.e4 c5 2.Nf3 Nc6 3.Bb5 Na5 4.c3 a6 5.Ba4 e6 6.d4 b5 7.Bc2 cxd4 8.Nxd4 Bb7
9.O-O Nf6 10.Nd2 Qc7 11.Re1 Bd6 12.N2f3 Ng4 13.h3 Ne5 14.Nxe5 Bxe5 15.a4 bxa4
16.Rxa4 Nc6 17.Bd3 Ne7 18.Qg4 h5 19.Qe2 a5 20.Be3 Ng6 21.Nb5 Qb8 22.Rea1 Nf4
23.Bxf4 Bxf4 24.Rxa5 Rxa5 25.Rxa5 g5 26.b4 g4 27.hxg4 Bh2+ 28.Kf1 Qf4 29.Ra7 Bc6
30.Nd4 Rh6 31.b5 hxg4 32.bxc6 dxc6 33.Qe3 Qxe3 34.fxe3 Rf6+ 35.Ke2 c5 36.Nc2 Be5
37.Ra8+ Ke7 38.c4 g3 39.Rg8 Rf2+ 40.Kd1 Rxg2 41.Ne1 Rf2 42.Be2 Kf6 43.Nd3 Rg2
44.Nxe5 Kxe5 45.Bf3 Rg1+ 46.Ke2 f5 47.exf5 Kxf5 48.Rc8 e5 49.Rxc5 Rc1 50.Rc8 Rc2+
51.Kd3  1-0

[Event "Petersburg Autumn"]
[Site "St Petersburg RUS"]
[Date "2006.11.05"]
[Round "6"]
[White "Smirnov,LG"]
[Black "Voronenkov,S"]
[Result "1-0"]
[WhiteElo "2022"]
[BlackElo "1973"]

1.e4 c5 2.Nf3 Nc6 3.Bb5 e6 4.Bxc6 bxc6 5.O-O d5 6.d3 Nf6 7.e5 Nd7 8.Bf4 Be7
9.Re1 O-O 10.c4 Rb8 11.b3 a5 12.Nc3 Ba6 13.Qd2 Qc7 14.Bg3 Rb7 15.h3 Rfb8
16.Qc2 Nb6 17.a4 Nd7 18.Nd2 Nf8 19.Qd1 Ng6 20.Rb1 Bf8 21.Bh2 Qd8 22.Nf3 Rd7
23.Qc2 Nh4 24.Nxh4 Qxh4 25.Bg3 Qg5 26.Re3 g6 27.Ne2 Qd8 28.f4 dxc4 29.bxc4 Rxb1+
30.Qxb1 Rb7 31.Qc2 Qb8 32.Nc3 Rb2 33.Qc1 Qb3 34.Be1 Rc2 35.Qa1 Bh6 36.g3 g5
37.Rf3 gxf4 38.gxf4 Bc8 39.Kh1 Kf8 40.Rf2 Rxf2 41.Bxf2 Bxf4 42.Bxc5+ Ke8
43.Qg1 Kd8 44.Qd4+ Bd7 45.Bd6 Bd2 46.Ne2 h6 47.Qa7 Qb2 48.Bc7+ Ke7 49.Qa8 Be8
50.Qd8+ Kf8 51.Bd6+ Kg7 52.Qxe8 Qb1+ 53.Ng1 Qxd3 54.Qf8+  1-0

[Event "RGSU GM"]
[Site "Moscow RUS"]
[Date "2006.11.06"]
[Round "1"]
[White "Sjugirov,S"]
[Black "Konovalov,N"]
[Result "0-1"]
[WhiteElo "2444"]
[BlackElo "2443"]

1.e4 c5 2.Nf3 Nc6 3.Bb5 e6 4.O-O Nge7 5.b3 a6 6.Bxc6 Nxc6 7.Bb2 d6 8.c4 e5
9.Nc3 Be7 10.d3 O-O 11.Nd2 Bg5 12.Nd5 f5 13.exf5 Bxd2 14.Qxd2 Bxf5 15.f4 Be6
16.Nc3 Qe7 17.Rae1 Rad8 18.Ne4 d5 19.Ng5 d4 20.Qe2 Bf5 21.Nf3 Bg4 22.h3 Bxf3
23.Rxf3 Rde8 24.f5 Qh4 25.g3 Qxh3 26.Qe4 g6 27.Qd5+ Kh8 28.fxg6 hxg6 29.Ref1 Rf5
30.R1f2 Ref8 31.Qe6 Kg7 32.Qd7+ Kf6 33.Rh2 Qxh2+ 34.Kxh2 Rxf3 35.Qxb7 Rf2+
36.Kh3 Rxb2 37.Qxc6+ Kg5 38.g4 Rbf2 39.Kg3 a5 40.a3 R8f3+ 41.Qxf3 Rxf3+ 42.Kxf3 Kh4
43.Ke4 Kxg4 44.b4 cxb4 45.axb4 axb4 46.c5 b3 47.c6 b2 48.c7 b1=Q 49.c8=Q+ Kg3
50.Qg8 Qe1+ 51.Kd5 Qa5+ 52.Ke4 Qe1+ 53.Kd5 Qe3 54.Qxg6+ Kf2 55.Kc4 Ke1 56.Qg2 Kd1
57.Qh2 Qe2 58.Qh7 Kd2 59.Qh6+ Kc2 60.Qg6 e4 61.Kxd4 Qxd3+ 62.Ke5 e3 63.Qe8 e2
64.Qa4+ Kd2 65.Qa2+ Qc2 66.Qd5+ Kc1 67.Qh1+ Kb2 68.Qb7+ Kc1 69.Qh1+ Kb2 70.Qb7+ Qb3
71.Qg2 Qe3+ 72.Kf5 Kc1 73.Qc6+ Kd2 74.Qg2 Qd3+ 75.Kf6 Qc3+ 76.Kf7 Qd4 77.Kg8 Qc4+
78.Kh8 Qh4+ 79.Kg8 Ke3 80.Qg1+ Kf3 81.Qc5 Qg3+ 82.Kh8 e1=Q 83.Qd5+ Kf2 84.Qd4+ Kg2
85.Qe4+ Kh2 86.Qc2+ Qef2  0-1

[Event "TCh-ROM Divizia A Masculin"]
[Site "Predeal ROM"]
[Date "2006.11.07"]
[Round "4"]
[White "Valeanu,E"]
[Black "Butunoi,A"]
[Result "0-1"]
[WhiteElo "2361"]
[BlackElo "2400"]

1.e4 c5 2.Nf3 Nc6 3.Bb5 e6 4.c3 Qb6 5.Ba4 Nf6 6.e5 Nd5 7.O-O d6 8.d4 cxd4
9.cxd4 Bd7 10.Nc3 Nxc3 11.bxc3 dxe5 12.dxe5 Bc5 13.Bc2 h6 14.Qd3 O-O-O 15.Rb1 Qc7
16.Be3 Na5 17.Qe2 Kb8 18.Nd4 g5 19.f4 gxf4 20.Rxf4 Be8 21.Rff1 Bb6 22.Bd3 Qxc3
23.Rfc1 Qa3 24.Nb3 Nxb3 25.axb3 Qb4 26.Bxb6 Qxb6+ 27.Kh1 Bc6 28.Be4 Bb5 29.Qf3 Rd7
30.Rd1 Rhd8 31.Rxd7 Rxd7 32.Re1 a6 33.h4 Qd4 34.Qf6 Qb4 35.Re3 Rd4 36.Bf3 Rxh4+
37.Kg1 Qd4 38.Kf2 Rf4 39.Qxh6 Bc6 40.Kg3 Qxe3 41.Qxf4 Qxf4+ 42.Kxf4 Bxf3
43.gxf3 Kc7 44.Kg5 Kd7 45.Kf6 Ke8 46.f4 a5 47.f5 exf5 48.Kxf5 b5  0-1

[Event "RGSU GM"]
[Site "Moscow RUS"]
[Date "2006.11.08"]
[Round "3"]
[White "Komliakov,V"]
[Black "Konovalov,N"]
[Result "1/2-1/2"]
[WhiteElo "2438"]
[BlackElo "2443"]

1.e4 c5 2.Nf3 Nc6 3.Bb5 d6 4.Bxc6+ bxc6 5.O-O Bg4 6.h3 Bh5 7.e5 dxe5 8.g4 e4
9.gxh5 exf3 10.Qxf3 Qd5  1/2-1/2

[Event "TCh-ROM Divizia A Feminin"]
[Site "Predeal ROM"]
[Date "2006.11.09"]
[Round "6"]
[White "Ionescu,I"]
[Black "Voiska,M"]
[Result "1/2-1/2"]
[WhiteElo "2286"]
[BlackElo "2301"]

1.e4 c5 2.Nf3 Nc6 3.Bb5 Nf6 4.e5 Nd5 5.Nc3 Nc7 6.Bxc6 dxc6 7.h3 Bf5 8.d3 h6
9.Qe2 e6 10.Ne4 Qd7 11.a3 Be7 12.Bf4 Nb5 13.Nfd2 Bxe4 14.dxe4 O-O-O 15.a4 Nc7
16.Nc4 Ne8 17.O-O Bg5 18.Bxg5 hxg5 19.Rfd1 Qe7 20.Rxd8+ Qxd8 21.Rd1 Qe7 22.Qd2 b6
23.a5 b5 24.Nd6+ Nxd6 25.exd6 Qd8 26.a6 Kd7 27.Qc3 f6 28.e5 Rf8 29.exf6 gxf6
30.Qxc5 Qb6 31.Qa3 Rh8 32.b4 Rh4 33.Rd2 Rd4 34.Qe3 Rxd2 35.Qxd2 Qxa6 36.Qc3 e5
37.Qf3 Qa1+ 38.Kh2 e4 39.Qxe4 Kxd6 40.g3 c5 41.bxc5+ Kxc5 42.h4 gxh4 43.gxh4 Qd1
44.Qe3+ Kc6 45.Qxa7 Qd6+ 46.Kh3 Qe6+ 47.Kg3 Qe5+ 48.f4 Qc3+ 49.Kg4 f5+ 50.Kg5 Qg3+
51.Kxf5 Qh3+ 52.Ke5 Qxh4 53.Qa6+ Kc7 54.Qxb5 Qh8+ 55.Ke4 Qh1+ 56.Ke3 Qc1+
57.Ke4 Qxc2+ 58.Ke5 Kd8 59.f5 Qc7+ 60.Kf6 Qc6+  1/2-1/2

[Event "Ataturk Festival Open"]
[Site "Adana TUR"]
[Date "2006.11.10"]
[Round "5"]
[White "Shanava,K"]
[Black "Mamedov,Rau"]
[Result "1/2-1/2"]
[WhiteElo "2513"]
[BlackElo "2564"]

1.e4 c5 2.Nf3 Nc6 3.Bb5 g6 4.O-O Bg7 5.c3 Nf6 6.Qe2 O-O 7.Rd1 a6 8.Bxc6 bxc6
9.d4 cxd4 10.cxd4 a5 11.Nc3 d6 12.b3 Qb6 13.Bb2 Nh5 14.Na4 Qb5  1/2-1/2

[Event "10th OIBM"]
[Site "Bad Wiessee GER"]
[Date "2006.11.10"]
[Round "7"]
[White "Lejlic,S"]
[Black "Schulz,Ju3"]
[Result "1-0"]
[WhiteElo "2401"]
[BlackElo "2202"]

1.e4 c5 2.Nf3 Nc6 3.Bb5 Nf6 4.Nc3 a6 5.Bxc6 dxc6 6.d3 Bg4 7.h3 Bxf3 8.Qxf3 e5
9.O-O Be7 10.a4 a5 11.Nd1 Nd7 12.Ne3 g6 13.Nc4 b5 14.Na3 Rb8 15.Bh6 b4 16.Nc4 Qc7
17.Qg3 Bf8 18.Bxf8 Kxf8 19.f4 Re8 20.fxe5 Nxe5 21.Rf6 Kg7 22.Raf1 Rhf8 23.Nd6 Re7
24.R1f5 Nd7 25.Rxf7+  1-0

[Event "TCh-NOR 2006-7"]
[Site "Oslo NOR"]
[Date "2006.11.10"]
[Round "1"]
[White "Hammer,J"]
[Black "Stokke,K"]
[Result "1/2-1/2"]
[WhiteElo "2380"]
[BlackElo "2330"]

1.e4 c5 2.Nf3 Nc6 3.Bb5 Nf6 4.Bxc6 dxc6 5.d3 g6 6.h3 Bg7 7.Nc3 O-O 8.Be3 b6
9.Qd2 e5 10.Bh6 Qe7 11.O-O-O Bxh6 12.Qxh6 Nh5 13.Ne2 f6 14.g4 Ng7 15.Nh4 Ne6
16.f4 exf4 17.Nxf4 Qg7 18.Qxg7+ Kxg7 19.Nxe6+ Bxe6 20.Rhf1 Rad8 21.Rf2 Bg8
22.b3 Rd6 23.Nf3 h6 24.Rdf1 Re8 25.Nd2 b5 26.e5 Rxe5 27.Ne4 Rde6 28.Kd2 Re7
29.Rxf6 Bd5 30.R1f2  1/2-1/2

[Event "10th OIBM"]
[Site "Bad Wiessee GER"]
[Date "2006.11.11"]
[Round "8"]
[White "Scherer,He"]
[Black "Wippermann,T"]
[Result "1/2-1/2"]
[WhiteElo "2296"]
[BlackElo "2427"]

1.e4 c5 2.Nf3 Nc6 3.Bb5 g6 4.c3 Bg7 5.d4 Qb6 6.Qe2 cxd4 7.O-O Nf6 8.e5 Ng4
9.Bf4 O-O 10.h3 Ngxe5 11.Nxe5 Nxe5 12.Bxe5 Bxe5 13.Qxe5 a6 14.cxd4 Qxb5 15.Qxb5 axb5
16.Nc3 d6 17.Nxb5 Bd7 18.Nc3 e6 19.Rfd1 d5 20.a3 Rfc8 21.Rac1 f6 22.f4 h6
23.h4 Kf7 24.Kf2 Rc4 25.Ne2 Bc6 26.Nc3 Bd7 27.Na2 Bb5 28.Rc3 Rxc3 29.Nxc3 Bc4
30.Nb1 Ke7 31.Ke3 Kd6 32.Nd2 Bb5 33.Rc1 b6 34.Nf3 h5 35.Kd2 Bc4 36.Ke3 Bb5
37.Kd2 Bc4 38.Ke3  1/2-1/2

[Event "TCh-ROM Divizia A Masculin"]
[Site "Predeal ROM"]
[Date "2006.11.11"]
[Round "8"]
[White "Nemes,S"]
[Black "Chirila,I"]
[Result "0-1"]
[WhiteElo "2066"]
[BlackElo "2308"]

1.e4 c5 2.Nf3 Nc6 3.Bb5 d6 4.O-O Bd7 5.c3 a6 6.Bxc6 Bxc6 7.Re1 Nf6 8.d4 cxd4
9.cxd4 Bxe4 10.Bg5 d5 11.Nc3 e6 12.Bxf6 gxf6 13.Nxe4 dxe4 14.Rxe4 Qd5 15.Rf4 Be7
16.Qc2 h5 17.Rd1 Bd6 18.Rh4 Ke7 19.Qe4 Qxe4 20.Rxe4 f5 21.Re2 Kf6 22.Rc2 Rad8
23.Kf1 Bb8 24.Rc5 Rd6 25.Rdc1 Rhd8 26.Rc8 R6d7 27.Rxd8 Rxd8 28.Ke2 Rd7 29.Rc4 Ba7
30.Kd3 Bb6 31.Ne5 Rd6 32.f4 Ke7 33.Nf3 f6 34.Kc3 Kd7 35.a4 Bc7 36.g3 Rd5
37.b4 b6 38.Kd3 Bd6 39.Rc2 Bxb4 40.Kc4 Be7 41.Nd2 Ra5 42.Kb3 b5 43.axb5 axb5
44.Kc3 Ra4 45.Rb2 Kc6 46.Kd3 Ra3+ 47.Nb3 Kd5 48.Kc3 b4+ 49.Kc2 Kc4 50.h3 Bd6
51.Nd2+ Kxd4 52.Nb3+ Ke3  0-1

[Event "TCh-ROM Divizia A Masculin"]
[Site "Predeal ROM"]
[Date "2006.11.11"]
[Round "8"]
[White "Moldovan,D"]
[Black "Raceanu,V"]
[Result "1/2-1/2"]
[WhiteElo "2450"]
[BlackElo "2398"]

1.e4 c5 2.Nf3 Nc6 3.Bb5 g6 4.O-O Bg7 5.c3 Nf6 6.Re1 O-O 7.d4 d5 8.e5 Ne4
9.h3 Qb6 10.Bxc6 Qxc6 11.Be3 b6 12.Nbd2 Ba6 13.Nf1 f6 14.exf6 exf6 15.N1h2 Rad8
16.Qc1  1/2-1/2

[Event "ch-CRO"]
[Site "Kutina CRO"]
[Date "2006.11.13"]
[Round "3"]
[White "Jovanovic,Zo CRO"]
[Black "Saric,Iv"]
[Result "1-0"]
[WhiteElo "2539"]
[BlackElo "2482"]

1.e4 c5 2.Nf3 Nc6 3.Bb5 g6 4.c3 Nf6 5.e5 Nd5 6.O-O Bg7 7.d4 cxd4 8.cxd4 O-O
9.Nc3 Nc7 10.Re1 a6 11.Ba4 d6 12.Bxc6 bxc6 13.h3 Rb8 14.Qe2 Ne6 15.Be3 Qa5
16.Rad1 dxe5 17.Nxe5 Bxe5 18.dxe5 Qxe5 19.Qc4 Qc7 20.Bh6 Rd8 21.Rxd8+ Qxd8
22.Qxc6 Bb7 23.Qa4 Qb6 24.Qa3 Qc6 25.f3 Qb6+ 26.Be3 Qc7 27.Ne2 Bd5 28.Nd4 Nf4
29.Bf2 e5 30.Ne2 Nxe2+ 31.Rxe2 f6 32.b3 a5 33.Rd2 Bf7 34.Qd6 Qxd6 35.Rxd6 a4
36.bxa4 Ra8 37.Rxf6 Rxa4 38.Bg3 Rxa2 39.Bxe5 Re2 40.Bc3 Rc2 41.Bd4 Rd2 42.Be3 Rd1+
43.Kf2 Kg7 44.Rb6 Rd7 45.Bf4 Bd5 46.h4 Rb7 47.Rd6 Bc4 48.Kg3 Re7 49.Bg5 Ra7
50.Be3 Re7 51.Bd4+ Kf7 52.Rf6+ Ke8 53.Rc6 Bf1 54.Rc1 Ba6 55.Ra1 Bb7 56.Rb1 Rd7
57.Be5 Ke7 58.Kf4 Kf7 59.Rb6 Re7 60.Bd6 Rd7 61.Kg5 Bd5 62.Be5 Rb7 63.Rf6+ Ke7
64.Kh6 Ke8 65.Rd6 Bc4 66.Bg7 Bg8 67.Rf6 Rf7 68.Rb6 Rf4 69.Rb8+ Ke7 70.g3 Rxf3
71.Rxg8 Rxg3 72.Ra8 Rg4 73.Ra7+ Ke6 74.Ra6+ Kf5 75.Bf6 Rc4 76.Bg5 Rc7 77.Ra5+  1-0

[Event "Ataturk Festival Open"]
[Site "Adana TUR"]
[Date "2006.11.14"]
[Round "8"]
[White "Shanava,K"]
[Black "Grigoriev,A"]
[Result "1-0"]
[WhiteElo "2513"]
[BlackElo "2347"]

1.e4 c5 2.Nf3 Nc6 3.Bb5 Na5 4.c3 a6 5.Ba4 Nf6 6.Qe2 Qc7 7.O-O c4 8.Bc2 d6
9.b4 cxb3 10.axb3 e5 11.d4 Nc6 12.d5 Nd8 13.c4 Be7 14.b4 Bg4 15.Ba4+ Nd7
16.Nbd2 O-O 17.h3 Bh5 18.Ba3 b6 19.g4 Bg6 20.Bxd7 Qxd7 21.c5 h5 22.c6 Qc8
23.Ne1 b5 24.Ng2 hxg4 25.hxg4 Bg5 26.Rfd1 f6 27.Nf1 Nf7 28.Ng3 Nh6 29.f3 Qc7
30.Bc1 Nf7 31.Be3 Bxe3+ 32.Qxe3 Ng5 33.Nh4 Kf7 34.Kg2 Bh7 35.Ra2 Rh8 36.Rda1 Qc8
37.Nhf5 Bxf5 38.Nxf5 Rd8 39.Qb6 g6 40.c7  1-0

[Event "Open"]
[Site "Liberec CZE"]
[Date "2006.11.14"]
[Round "4"]
[White "Adamek,Pr"]
[Black "Grochowalski,P"]
[Result "1/2-1/2"]
[WhiteElo "1946"]
[BlackElo "2123"]

1.e4 c5 2.Nf3 Nc6 3.Bb5 g6 4.Bxc6 bxc6 5.O-O Bg7 6.Re1 e5 7.c3 Ne7 8.d4 cxd4
9.cxd4 exd4 10.Nxd4 Qb6 11.Nb3 O-O 12.Nc3 Re8 13.Be3 Qb8 14.Qd2 a5 15.Rad1 a4
16.Nc5 a3 17.b3 d6 18.N5a4 Be6 19.Qxd6 Qb7 20.Qd2 Qb4 21.Bc5 Qa5 22.Nb1 Qc7
23.Nxa3 Be5 24.Bd6 Bxd6 25.Qxd6 Qa5 26.Nc2 Qh5 27.Qg3 f5 28.Nd4 Bf7 29.Qf3 Qh4
30.exf5 c5 31.Ne2 Nxf5 32.Ng3 Nd4 33.Qc3 Qf6 34.Re3 Rxe3 35.fxe3 Rxa4 36.exd4 Rxa2
37.Rf1 Qxd4+ 38.Qxd4  1/2-1/2

[Event "Nacional de Mestres"]
[Site "Barreiro POR"]
[Date "2006.11.15"]
[Round "2"]
[White "Rocha,S"]
[Black "Santos,L"]
[Result "1-0"]
[WhiteElo "2410"]
[BlackElo "2368"]

1.e4 c5 2.Nf3 Nc6 3.Bb5 g6 4.Bxc6 bxc6 5.O-O d6 6.h3 Bg7 7.Re1 e5 8.c3 Ne7
9.d4 cxd4 10.cxd4 exd4 11.Nxd4 O-O 12.Nc3 Bb7 13.Bg5 h6 14.Bh4 Qd7 15.Qd2 Rae8
16.Rad1 Nc8 17.Nb3 Qc7 18.Bg3 Rd8 19.Bh4 Rde8 20.Bg3 Rd8 21.Nc5 Ba8 22.Nd3 Kh7
23.Qc2 Rfe8 24.Kh2 Qa5 25.f4 c5 26.Nf2 d5 27.e5 Ne7 28.Bh4 Nf5 29.Bxd8 Qxd8
30.Nce4 Qh4 31.g3 Nxg3 32.Nxg3 Qxf4 33.Nd3 Qh4 34.Qxc5 d4 35.Rf1 f5 36.Rf4 Qg5
37.h4 Qd8 38.Rxd4 Qb8 39.Rd7 f4 40.Nxf4 Rxe5 41.Rxg7+ Kxg7 42.Rd7+ Kf6 43.Rd6+ Kf7
44.Qxe5  1-0

[Event "Open"]
[Site "Liberec CZE"]
[Date "2006.11.15"]
[Round "6"]
[White "Chudinovskikh,A"]
[Black "Vales,V"]
[Result "1-0"]
[WhiteElo "2340"]
[BlackElo "2170"]

1.e4 c5 2.Nf3 Nc6 3.Bb5 e6 4.O-O Nge7 5.Re1 a6 6.Bf1 Ng6 7.c3 d6 8.d4 e5
9.d5 Nb8 10.c4 Be7 11.Nc3 h6 12.g3 Bg5 13.h4 Bxc1 14.Qxc1 Nd7 15.Nh2 Nf6
16.Be2 Kf8 17.a4 b6 18.Ra3 Nh7 19.Nd1 Ne7 20.f4 f6 21.Bh5 g6 22.fxe5 dxe5
23.Be2 Kg7 24.Rf3 Qd6 25.Ne3 Bd7 26.Neg4 g5 27.Ref1 Rhf8 28.b3 Rae8 29.R1f2 h5
30.Ne3 g4 31.Rf5 Nxf5 32.Rxf5 Qe7 33.Rxh5 Qf7 34.Nf5+ Bxf5 35.Rxf5 Kh8 36.Bxg4 Qg7
37.Qe3 Rb8 38.Kg2 Qe7 39.Rh5 Rg8 40.Bf5 Rg7 41.Qh6 Kg8 42.Ng4 Rf8 43.d6 Qf7
44.d7  1-0

[Event "Open"]
[Site "Liberec CZE"]
[Date "2006.11.16"]
[Round "7"]
[White "Schiefner,R"]
[Black "Kozak,Pe"]
[Result "1/2-1/2"]
[WhiteElo "2010"]
[BlackElo "2157"]

1.e4 c5 2.Nf3 Nc6 3.Bb5 g6 4.Bxc6 dxc6 5.O-O Bg7 6.Nc3 e5 7.d3 Qe7 8.a4 Nf6
9.a5 Nd7 10.Nd2 Nf8 11.Ra3 Ne6 12.Na4 Rb8 13.Nc4 O-O 14.Be3 f5 15.f3 fxe4
16.dxe4 Rd8 17.Rd3 Nd4 18.c3 Be6 19.Nd2 c4 20.cxd4 cxd3 21.d5 cxd5 22.Bc5 Qg5
23.Bxa7 Rbc8 24.Rf2 dxe4 25.fxe4 Bf8 26.Bb6 Rd7 27.Nc3 Bc5 28.Bxc5 Rxc5 29.Qf3 Qf4
30.Qxf4 exf4 31.Rxf4 Rxa5 32.Rf6 Rf7 33.Rxe6 Ra1+ 34.Ncb1 Rc7  1/2-1/2

[Event "TCh-FIN 2006-7"]
[Site "Helsinki FIN"]
[Date "2006.11.18"]
[Round "4"]
[White "Virtanen,A"]
[Black "Niemi,K"]
[Result "1/2-1/2"]
[WhiteElo "2314"]
[BlackElo "2255"]

1.e4 c5 2.Nf3 Nc6 3.Bb5 Nf6 4.Nc3 Qc7 5.O-O a6 6.Bxc6 dxc6 7.e5 Nd5 8.Ne4 Bg4
9.Nxc5 e6 10.Ne4 Bxf3 11.Qxf3 Qxe5 12.d4 Qxd4 13.Bg5 f5 14.Rfe1 fxe4 15.Rxe4 Qc5
16.Rxe6+ Be7 17.Qh5+ g6 18.Bxe7 Qxf2+ 19.Kxf2 gxh5 20.Rae1 Kd7 21.c4 Nf4
22.Rd6+ Kc7 23.Rd4 Ng6 24.c5 Rae8 25.Bd6+ Kc8 26.Rde4 Kd7 27.g3 Rxe4 28.Rxe4 Re8
29.Rb4 b5 30.Rd4 Re6 31.a4 Rf6+ 32.Kg2 Re6 33.axb5 axb5 34.Kf3 Ke8 35.h3 Kf7
36.b4 Re1 37.Bf4 Ne7 38.Rd7  1/2-1/2

[Event "1st GMA Cup"]
[Site "Manila PHI"]
[Date "2006.11.18"]
[Round "2"]
[White "Mariano,N1"]
[Black "Zhang Pengxiang"]
[Result "0-1"]
[WhiteElo "2418"]
[BlackElo "2636"]

1.e4 c5 2.Nf3 Nc6 3.Bb5 e6 4.Bxc6 bxc6 5.d3 Ne7 6.Qe2 f6 7.Nh4 g6 8.f4 Bg7
9.c4 O-O 10.O-O d6 11.Nc3 h6 12.g3 Rb8 13.Be3 f5 14.e5 dxe5 15.Bxc5 g5 16.fxg5 hxg5
17.Ng2 Rb7 18.Rf2 Ng6 19.Qh5 Nh8 20.Raf1 Rff7 21.g4 Bf8 22.Bxf8 Rxf8 23.Ne4 Rg7
24.Rf3 Ng6 25.Nf2 c5 26.Rg3 f4 27.Rh3 Bb7 28.Qh6 Kf7 29.Rh5 Bxg2  0-1